[Event "Berlin-ch Seniors op 26th"]
[Site "Berlin"]
[Date "2010.02.13"]
[Round "5"]
[White "Laurisch, Werner"]
[Black "Baranowsky, Peter"]
[Result "0-1"]
[WhiteElo "1613"]
[BlackElo "1854"]
[PlyCount "80"]
[EventDate "2010.02.09"]
[EventType "swiss"]
[EventRounds "9"]
[EventCountry "GER"]
[SourceTitle "EXT 2012"]
[Source "ChessBase"]
[SourceDate "2011.11.24"]
[SourceVersion "1"]
[SourceVersionDate "2011.11.24"]
[SourceQuality "1"]

1. e4 e6 2. Nf3 d5 3. exd5 exd5 4. d3 Nf6 5. h3 Bc5 6. Be2 0-0 7. Bg5 Nc6 8. c3 Qd6 9. Bh4 Bf5 10. Nbd2 Rfe8 11. 0-0 Re7 12. Re1 Rae8 13. Bf1 h6 14. Bg3 Rxe1 15. Nxe1 Qxg3 16. d4 Bxd4 17. cxd4 Qg6 18. Ndf3 Bxh3 19. Nh4 Qg5 20. Nhf3 Qg6 21. Nh4 Bg4 22. Nxg6 Bxd1 23. Rxd1 fxg6 24. f3 a6 25. Kf2 Kf7 26. a3 h5 27. Nc2 g5 28. Bd3 g6 29. Kg3 Re6 30. Rf1 h4+ 31. Kh3 Nh5 32. Kg4 Nf4 33. Rd1 Kf6 34. Bf1 Ne7 35. g3 hxg3 36. Kxg3 Nf5+ 37. Kg4 Re7 38. Bd3 Rh7 39. Bxf5 gxf5+ 40. Kg3 Rh3+ 0-1

[Event "Brandenburg Seniors op 14th"]
[Site "Rowy"]
[Date "2005.06.27"]
[Round "7"]
[White "Schmidt, Roland"]
[Black "Laurisch, Werner"]
[Result "0-1"]
[WhiteElo "1585"]
[BlackElo "1674"]
[PlyCount "78"]
[EventDate "2005.06.20"]
[EventType "swiss"]
[EventRounds "9"]
[EventCountry "POL"]
[SourceTitle "EXT 2007"]
[Source "ChessBase"]
[SourceDate "2006.11.23"]
[SourceVersion "1"]
[SourceVersionDate "2006.11.23"]
[SourceQuality "1"]

1. d4 Nf6 2. c4 d6 3. e3 g6 4. f4 Bg7 5. Bd3 e6 6. Nf3 0-0 7. 0-0 Nbd7 8. Nc3 c5 9. d5 Re8 10. e4 a6 11. a4 b6 12. e5 dxe5 13. fxe5 Ng4 14. dxe6 fxe6 15. Bf4 Ngxe5 16. Be4 Ra7 17. Qe2 Nxf3+ 18. Qxf3 Rf8 19. Qg3 Bb7 20. Qg4 Qe8 21. Rae1 Bd4+ 22. Kh1 Nf6 23. Qe2 Bxc3 24. Bxb7 Bxe1 25. Rxe1 Rxb7 26. h3 Qc6 27. Bh6 Re8 28. Qe5 Rf7 29. Qc3 Qd6 30. b3 Qd4 31. Qg3 Ne4 32. Qe3 Qxe3 33. Bxe3 Ng3+ 34. Kg1 Nf5 35. Bf2 e5 36. Re2 Rfe7 37. Re4 Nd6 38. Re3 e4 39. Bg3 Nf5 0-1

[Event "Brandenburg Seniors op 13th"]
[Site "Rowy"]
[Date "2004.06.21"]
[Round "1"]
[White "Nietsch, Horst"]
[Black "Laurisch, Werner"]
[Result "1/2-1/2"]
[WhiteElo "2071"]
[BlackElo "1690"]
[PlyCount "97"]
[EventDate "2004.06.21"]
[EventType "swiss"]
[EventRounds "9"]
[EventCountry "POL"]
[SourceTitle "EXT 2006"]
[Source "ChessBase"]
[SourceDate "2005.11.24"]
[SourceVersion "1"]
[SourceVersionDate "2005.11.24"]
[SourceQuality "1"]

1. e4 e5 2. Nf3 d6 3. d4 Bg4 4. dxe5 Bxf3 5. Qxf3 dxe5 6. Bc4 Qd7 7. Qb3 b6 8. 0-0 Bd6 9. Nc3 Ne7 10. Nb5 0-0 11. Nxd6 Qxd6 12. Be3 Ng6 13. g3 Nc6 14. Rfd1 Nd4 15. Qd3 Nf3+ 16. Kg2 Qf6 17. Qe2 Nd4 18. Bxd4 exd4 19. f4 c5 20. Qf3 Ne7 21. Bd3 Qe6 22. b3 Rad8 23. Re1 Kh8 24. g4 f6 25. Re2 Qc6 26. a4 Qb7 27. Rae1 a6 28. Kg1 b5 29. axb5 axb5 30. Qh3 Qd7 31. e5 f5 32. e6 Qe8 33. gxf5 Rf6 34. Re5 Qc6 35. Be4 Qb6 36. Bd3 Qc6 37. Qf1 Rd5 38. Ra1 Qb6 39. Qf3 c4 40. bxc4 bxc4 41. Bxc4 d3+ 42. Qe3 Qxe3+ 43. Rxe3 dxc2 44. Ree1 g6 45. Bd3 gxf5 46. Bxc2 Rg6+ 47. Kf1 Rg8 48. Ra7 Rg7 49. Ke2 1/2-1/2